| 000 | 00849cam a2200229 4500 | ||
|---|---|---|---|
| 001 | ABS64145 | ||
| 008 | 000000n2001 000 0 eng u | ||
| 035 | _a(Sirsi) u113417 | ||
| 100 | _aToland, S. | ||
| 245 | _aFM performance v the national economy | ||
| 260 | _c2001 | ||
| 490 |
_aFacilities Management _v8(9) June 2001, 8-9(2) |
||
| 520 | _aArgues that facilities managers need to optimise their resource management and make the benefits of the services they provide clear to all within their organisations in order to ensure that they survive a possible economic downturn. Case study, diagrams. | ||
| 590 | _aABS | ||
| 650 | _aFACILITIES MANAGERS | ||
| 650 | _aMONITORING | ||
| 650 | _aOUTSOURCING | ||
| 650 | _aPERFORMANCE MONITORING | ||
| 650 | _aRESOURCE MANAGEMENT | ||
| 690 | _aMANAGEMENT-FACILITIES MANAGEMENT | ||
| 942 | _n0 | ||
| 999 |
_c67573 _d67573 |
||